|
|
|
|
| LEADER |
01022nab a2200301 i 4500 |
| 001 |
publ32116 |
| 005 |
20250409132006.0 |
| 008 |
250409s1993 hu o 000 eng d |
| 022 |
|
|
|a 0300-5127; 1470-8752
|
| 024 |
7 |
|
|a 10.1042/bst0210302
|2 doi
|
| 024 |
7 |
|
|a 1335917
|2 mtmt
|
| 040 |
|
|
|a SZTE Publicatio Repozitórium
|b hun
|
| 041 |
|
|
|a eng
|
| 100 |
1 |
|
|a Gao Bin
|
| 245 |
1 |
0 |
|a SEQUENCE-SPECIFIC ANTIPEPTIDE ANTIBODIES THAT RECOGNIZE DIFFERENT SUBUNITS OF THE HIGH-AFFINITY IGE RECEPTOR
|h [elektronikus dokumentum] /
|c Gao Bin
|
| 260 |
|
|
|c 1993
|
| 300 |
|
|
|a 302-304
|
| 490 |
0 |
|
|a BIOCHEMICAL SOCIETY TRANSACTIONS
|v 21 No. 2
|
| 650 |
|
4 |
|a Biológiai tudományok
|
| 650 |
|
4 |
|a Általános orvostudomány
|
| 700 |
0 |
1 |
|a Anderson G. J.
|e aut
|
| 700 |
0 |
1 |
|a Brammer M. J.
|e aut
|
| 700 |
0 |
1 |
|a James C. H.
|e aut
|
| 700 |
0 |
1 |
|a Danton M.
|e aut
|
| 700 |
0 |
1 |
|a Tóth Gábor
|e aut
|
| 700 |
0 |
1 |
|a Tóth István
|e aut
|
| 700 |
0 |
1 |
|a Gibbons W. A.
|e aut
|
| 856 |
4 |
0 |
|u http://publicatio.bibl.u-szeged.hu/32116/1/aok_klny_200_93.pdf
|z Dokumentum-elérés
|